Summa theologiae moralis: scholarium usui

Kaydedildi:
Detaylı Bibliyografya
Yazar: Noldin, H. (Hieronymus) (Yazar)
Materyal Türü: Kitap
Dil:Latince
Baskı/Yayın Bilgisi: Viena Typis et Sumptibus 1921
Edisyon:14a. ed
Konular:
Etiketler: Etiketle
Etiket eklenmemiş, İlk siz ekleyin!

MARC

LEADER 00000cam a2200000 a 4500
001 UCD1135
003 CL-VaPUC
008 160107e19210000au |||||||||||||||||lat|d
082 0 4 |a 241  |b NOL  |2 21 
100 |a Noldin, H.  |q (Hieronymus)  |e author  |9 585034 
245 1 0 |a Summa theologiae moralis: scholarium usui 
250 |a 14a. ed 
300 |a v 
942 |c BK 
945 |d 20160107 17:53:00  |a gsalatino 
260 |a Viena  |b Typis et Sumptibus  |c 1921 
650 0 |a Sacramentos   |9 257270 
650 0 |a Teología   |9 258766 
650 0 |a Moral  |9 265913 
583 |a last modification  |c 20160107 17:53:00  |k Rodrigo Vera 
999 |c 362549  |d 362547 
952 |0 0  |1 0  |3 erd  |4 0  |6 241_000000000000000_NOL_1921  |7 0  |8 X  |9 473851  |a BIBTEO  |b BIBTEO  |c TEO_FFR  |h v.3  |i 5275849  |o 241 NOL 1921  |p 5275849  |r 2024-01-18  |w 2019-11-24  |y BK_X  |z Catalogado en:20160107  |k ICR 
952 |0 0  |1 0  |3 erd  |4 0  |6 241_000000000000000_NOL_1921  |7 0  |8 X  |9 473852  |a BIBTEO  |b BIBTEO  |c TEO_FFR  |h v.3  |i 527933K  |o 241 NOL 1921  |p 527933K  |r 2024-01-18  |w 2019-11-24  |y BK_X  |z Catalogado en:20160407  |k OFM 
952 |0 0  |1 0  |3 erd  |4 0  |6 241_000000000000000_NOL_1921  |7 0  |8 X  |9 473853  |a BIBTEO  |b BIBTEO  |c TEO_FFR  |h v.3  |i 5279356  |o 241 NOL 1921  |p 5279356  |r 2024-01-18  |w 2019-11-24  |y BK_X  |z Catalogado en:20160407  |k OFM